00265nam a2200109Ia 4500008004100000100001800041245004000059250000800099260003200107300000800139650000800147191201s2011 xx 000 0 und d aSINGH, Kavita 0aOrganisation Change and Development aRep c2011bExcel BooksaN. Delhi a350 aMBA